• 首页
  • 本馆介绍
  • 公告通知
  • 最新文献
  • 馆藏检索
  • 电子资源
  • 读者导购
  • 参考咨询
  • 我的图书馆
  • 登录
  • 详细信息显示
  • 放入我的书架
  • 预约/预借图书
  • 作者相关作品
  • 分类相关作品
  • 丛书相关作品
  • 出版社相关作品

书目信息

  • 表格格式
  • 工作单格式
  • 卡片格式
题名:
新编无机化学实验
    
 
作者: 王克强 编著
分册:  
出版信息: 上海   华东理工大学出版社  2001
页数: 242页
开本: 26cm
丛书名:
单 册:
中图分类: O61-3
科图分类:
主题词: 无机化学--实验--师范大学--教材
电子资源:
ISBN: 7-5628-1184-9
000 00845nam0 2200217 450
001 020000005524
005 20050920105750.31
010    @a7-5628-1184-9@dCNY25.00
100    @a20040203d2001 ekmy0chiy0120 ea
101 0  @achi
102    @aCN@b310000
105    @aak z 000yy
200 1  @a新编无机化学实验@9xin bian wu ji hua xue shi yan@f王克强等编著@Fwang ke qiang deng bian zhu
210    @a上海@c华东理工大学出版社@d2001
215    @a242页@c图@d26cm
330    @a教材共分5章和附录:第1绪论,第2章 基本操作原理和实验技能训练,第3章 基本化学原理实验,第4章 元素及其化合物的性质实验,第5章 综合设计实验,附录提供了实验中的有关数据及无机化学实验中用到的化学药品名称和浓度。
606 0  @a无机化学@x实验@x师范大学@x教材
690    @aO61-3@v4
701  0 @a王克强@Awang ke qiang@4编著
801  0 @aCN@bTSSF@c20050920
905    @a10447@dO61-3@e79
    
    新编无机化学实验/王克强等编著.-上海:华东理工大学出版社,2001
    242页:图;26cm
    
    
    ISBN 7-5628-1184-9:CNY25.00
    教材共分5章和附录:第1绪论,第2章 基本操作原理和实验技能训练,第3章 基本化学原理实验,第4章 元素及其化合物的性质实验,第5章 综合设计实验,附录提供了实验中的有关数据及无机化学实验中用到的化学药品名称和浓度。
●
相关链接 在E读中查询图书 在五车中查询图书 在当当中查询图书 在豆瓣中查询图书


正题名:新编无机化学实验     索取号:O61-3/79         预约/预借

序号 登录号 条形码 馆藏地/架位号 状态 备注
1 0362458   3624581   第二样本阅览室/ [索取号:O61-3/79] 在馆    
2 0362459   3624590   第三借阅区/ [索取号:O61-3/79] 在馆    
3 0362460   3624607   第三借阅区/ [索取号:O61-3/79] 在馆    
4 0362461   3624616   第三借阅区/ [索取号:O61-3/79] 在馆    
5 0362462   3624625   第三借阅区/ [索取号:O61-3/79] 在馆    
唐山师范学院图书馆 欢迎您!
大连网信软件有限公司© 版权所有